Nenne eine Großstadt, die ... #4 - Statistiken

Allgemein
  • Dieses Quiz wurde 257 mal gespielt
  • Das Durchschnittsergebnis liegt bei 9 aus 10
Antwortstatistiken
Nenne eine Großstadt, ... Antworten % Korrekt
die an der Elbe liegt. Dresden | Hamburg | Magdeburg
96%
in deren Name ein Umlaut vorkommt. Düsseldorf | Fürth | Göttingen | Köln | Lübeck | Mönchengladbach | Mülheim an der Ruhr | München | Münster | Nürnberg | Osnabrück | Saarbrücken | Würzburg
96%
die üblicherweise mit einem Fluss als Namenszusatz steht. Frankfurt am Main | Halle (Saale) | Ludwigshafen am Rhein | Mülheim an der Ruhr | Offenbach am Main
95%
in der sich eine UNESCO-Welterbestätte befindet. Aachen | Augsburg | Berlin | Bremen | Erfurt | Essen | Hamburg | Hildesheim | Kassel | Koblenz | Köln | Lübeck | Mainz | Potsdam | Regensburg | Stuttgart | Trier | Würzburg
92%
die an Bochum grenzt. Dortmund | Essen | Gelsenkirchen | Herne
91%
die zu den zehn fahrradfreundlichsten in Deutschland gehört. (ADFC Fahrradklima-Test 2022) Bremen | Darmstadt | Erlangen | Frankfurt am Main | Freiburg im Breisgau | Göttingen | Karlsruhe | Kiel | Münster | Oldenburg
88%
die mehr als 60 km von jeder anderen deutschen Großstadt entfern ist. (Stadtzentren) Chemnitz | Cottbus | Dresden | Freiburg im Breisgau | Kiel | Magdeburg | Rostock | Siegen | Trier | Würzburg
88%
die über 300 m hoch liegt. Augsburg | Ingolstadt | München | Nürnberg | Regensburg | Remscheid | Reutlingen | Ulm
83%
die zu den zehn regenreichsten in Deutschland gehört. Aachen | Augsburg | Bielefeld | Bochum | Chemnitz | Dortmund | Mönchengladbach | München | Stuttgart | Wuppertal
78%
die beim "Deutsche Großstädte"-Quiz weniger als 20% der Leute wussten. Bergisch Gladbach | Bottrop | Gütersloh | Moers | Neuss | Pforzheim | Recklinghausen | Remscheid | Reutlingen | Salzgitter
66%
Keine übereinstimmenden Quizze gefunden
Verteilung der Resultate
Anzahl Personen mit jedem Resultat
Perzentil nach korrekt beantworteten Fragen
Ihre Resultats-Entwicklung
Sie haben dieses Quiz noch nicht gespielt